| 000 | 01177nam a2200301 a 4500 | ||
|---|---|---|---|
| 001 | 000022052 | ||
| 003 | DO-SdBNP | ||
| 005 | 20240305141119.0 | ||
| 007 | ta | ||
| 008 | 100916s2004 dr ac r 000 0 spa d | ||
| 020 | _z99934404024 | ||
| 040 |
_aDO-SdBNP _bspa _cBNPHU |
||
| 082 | 4 |
_a306.4 _bV468m _222 |
|
| 100 | 1 |
_aVentura, Miriam _937940 |
|
| 245 | 1 | 0 |
_aMemorias de la transnacionalidad : _binforme del Consejo consultivo de la Casa de la Cultura Dominicana en Nueva York / _cMiriam Ventura ; prólogo Félix Batista, León. |
| 260 |
_aSanto Domingo : _bIsenia Gráfica, _c2004. |
||
| 300 |
_a234 p. : _bil., retrs. ; _c22 cm. |
||
| 500 | _aIncluye datos biográficos del autor en la solapa de la cubierta. | ||
| 590 | _aInventariado, 2018/MFF | ||
| 610 | 2 | 4 |
_aCasa de la cultura dominicana (New York, Estados Unidos) _945703 |
| 650 | 4 |
_aDominicanos en Estados Unidos _934672 |
|
| 650 | 4 |
_aDiáspora _944476 |
|
| 650 | 4 |
_aCultura _xEnsayos, conferencias, etc. _930480 |
|
| 650 | 4 |
_aIdentidad cultural _xEnsayos, conferencias, etc. _931352 |
|
| 700 | 1 |
_aBatista, León Félix, _d1964- _epról. _912031 |
|
| 910 | _aValidado. Control de calidad. EMS | ||
| 942 |
_2ddc _cLBS1 |
||
| 999 |
_c21550 _d21550 |
||